000 00455nam a2200157Ia 4500
008 220216s9999 xx 000 0 und d
100 _aTeoh K S
245 0 _aRecent developments in chemical control of Imperata cylindrica (L.) Beauv. (lalang) in Malaysia
260 _bBiotrop Special Publication
_c1989
300 _a359-368
500 _aSource Year: 1992
650 _aImperata cylindrica
700 _aPang K F
856 _uIRRDB
942 _cJS
999 _c66433
_d66433